Statistics for Fc utrecht squad 2022-2023

Click here to take the quiz!

General Stats

  • This quiz has been taken 23 times
  • The average score is 16 of 28

Answer Stats

HintAnswer% Correct
VS, MidTaylor Booth
100%
Greece, ForAnastasios Douvikas
93%
Dutch, DefMark van der Maarel
93%
Greece, GkVasilis Barkas
93%
Belgium, MidOthmane Boussaid
87%
Dutch, DefHidde ter Avest
80%
Dutch, DefMike van der Hoorn
80%
Suriname, DefSean Klaiber
80%
france, DefModibo sagnan
73%
Dutch, DefNick Viergever
73%
Germany, MidCan Bozdoğan
67%
Dutch, GkFabian de keijzer
60%
Dutch, MidJens Toornstra
60%
Denmark, MidVictor Jensen
60%
Dutch, DefDjango Warmerdam
53%
TrainerMichael Silberbauer
53%
Morocco, MidZakaria Labyad
47%
Belgium, ForAnthony descotte
40%
Japan, ForNaoki Maeda
40%
Germany, ForAmin Younes
33%
Dutch, MidBart Ramselaar
33%
Dutch, DefTommy st. Jago
33%
Dutch, ForBas dost
27%
Estonia, MidRocco Shein
27%
Dutch, DefRuben Kluivert
27%
Dutch, MidSander van de Streek
20%
Dutch, MidLuuk Brouwers
13%
Dutch, DefRamon Hendriks
7%

Score Distribution

Percentile by Number Answered

Percent of People with Each Score

Your Score History

You have not taken this quiz